| 000 | 00526cam a2200205ua 4500 | ||
|---|---|---|---|
| 020 | _c950/- | ||
| 041 |
_aeng _h |
||
| 082 |
_a519 _bGUP/FU |
||
| 100 | _aGupta, S.C . | ||
| 245 |
_aFundamentals of engineering mathamatics Vol.1 / _cGupta.S.C. _hTextual Documents |
||
| 250 |
_a1 / _b. |
||
| 260 |
_aNew Delhi : _bHimalaya publishig company , _c2007. |
||
| 300 |
_a600 ; _e`. |
||
| 365 | _a950/- | ||
| 504 | _a | ||
| 700 | 1 | _aGupta, Vishal . | |
| 700 | 1 | _akapoor, V.K . | |
| 942 | _cBK | ||
| 999 |
_c13097 _d13097 |
||